Teorija socjologiczna i struktura spoleczna

Salvato in:
Dettagli Bibliografici
Natura: Libro
Lingua:polacco
Pubblicazione: Warszawa Wyd. naukowe 1982
Tags: Aggiungi Tag
Nessun Tag, puoi essere il primo ad aggiungerne!!

MARC

LEADER 00000nam a2200000 4500
001 c130188
005 20260202101830.4
041 0 |a pol 
044 |a PL 
245 1 0 |a Teorija socjologiczna i struktura spoleczna  |c Robert K. Metron ; [Z jezyka angielskiego przelozyli Ewa Morawska i Jerzy Wertenstein-Zulawska] 
264 1 |a Warszawa  |b Wyd. naukowe  |c 1982 
300 |a 668 s.